00933cam a2200253 a 450000100090000000300040000900500170001300800410003001000170007102000320008804000180012005000220013808200170016010000200017724500490019725000120024626000350025830000410029350400640033465000130039885600870041185600750049885601060057312510196OSt20150408114221.0010822s2003 maua b 001 0 eng  a 2001044743 a0072448482 (acidfree paper) aDLCcDLCdDLC00aQC21.3b.B45 200300a539221bBAC1 aBeiser, Arthur.10aConcepts of modern physics /cArthur Beiser. a6th ed. aBoston :bMcGraw-Hill,cc2003. a542 p. :bill. (some col.) ;c27 cm. aIncludes bibliographical references (p. 525-527) and index. 0aPhysics.423Publisher descriptionuhttp://www.loc.gov/catdir/description/mh021/2001044743.html413Table of contentsuhttp://www.loc.gov/catdir/toc/mh021/2001044743.html423Contributor biographical informationuhttp://www.loc.gov/catdir/enhancements/fy0737/2001044743-b.html